Pays d'Afrique n'ayant jamais participé à la Coupe d'Afrique - Statistiques

Statistiques générales
  • Ce quiz a été pris 251 fois
  • Le résultat moyen est 7 sur 10
Statistiques - réponses
Réponse % Correct
Lesotho
80%
Erythrée
77%
Eswatini
75%
Somalie
75%
Seychelles
72%
Soudan du Sud
72%
Djibouti
69%
Tchad
65%
Sao Tomé-et-Principe
64%
République Centrafricaine
53%
Aucun quiz correspondant
Distribution des résultats
% des personnes avec chaque résultat
Percentile par nombre de réponses
Votre historique - résultats
Vous n’avez pas pris ce quiz